Mrs. Dalloway / (Record no. 133728)

MARC details
000 -LEADER
campo de control de longitud fija 00547nam a2200193 i 4500
001 - NÚMERO DE CONTROL
campo de control 133728
003 - IDENTIFICADOR DE NÚMERO DE CONTROL
campo de control ES-MaACL
005 - FECHA Y HORA DE LA ÚLTIMA TRANSACCIÓN
campo de control 20250502063014.0
007 - CAMPO FIJO DE DESCRIPCIÓN FÍSICA--INFORMACIÓN GENERAL
campo de control de longitud fija t|
008 - DATOS DE LONGITUD FIJA--INFORMACIÓN GENERAL
campo de control de longitud fija 070827s1929 fr ||||1| fre d
100 1# - ENTRADA PRINCIPAL--NOMBRE DE PERSONA
Nombre de persona Woolf, Virginia,
Fechas asociadas al nombre 1882-1941
9 (RLIN) 240179
245 10 - MENCIÓN DEL TÍTULO
Título Mrs. Dalloway /
Mención de responsabilidad, etc. Virginia Woolf ; preface de André Maurois.
250 ## - MENCION DE EDICION
Mención de edición 10 ed.
260 ## - PUBLICACIÓN, DISTRIBUCIÓN, ETC.
Lugar de publicación, distribución, etc. Paris :
Nombre del editor, distribuidor, etc. [s.n.],
Fecha de publicación, distribución, etc. 1929.
300 ## - DESCRIPCIÓN FÍSICA
Extensión 240 p. ;
Dimensiones 19 cm.
700 1# - ENTRADA AGREGADA--NOMBRE PERSONAL
Nombre de persona Maurouis, André.
9 (RLIN) 79270
852 ## - LOCALIZACIÓN
Ubicación ES-MaACL
Número de control de estantería B-8884
Sublocalización o colección R.13209
Holdings
Estatus retirado Estado de pérdida Estado de daño No para préstamo Biblioteca de origen Biblioteca actual Ubicación en estantería Fecha de adquisición Fuente de adquisición Total de préstamos Signatura topográfica completa Código de barras Visto por última vez Precio de reemplazo Tipo de ítem Koha
        Biblioteca del Ateneo de Madrid Biblioteca del Ateneo de Madrid Sala Pardo Bazán 17/01/2008     B-8884 1139210 23/02/2023 23/02/2023 Libro impreso